000 00627cam a2200241 4500
001 J98026
008 090401t1996 xxu||||| |||| 00| 0 eng d
035 _a(Sirsi) u85297
041 _aeng
050 _a711.552
110 _aFocus
_93296
245 _aFOCUS on retail demand : key findings - 1996 top 50 centres.
260 _aLondon
_bProperty Intelligence plc
_c1996
300 _a(6)p. ; 30cm.
350 _a0
490 _aResearch Briefing
_v7
650 _aDEMAND
650 _aFLOORSPACE
650 _aRETAIL
690 _aPROPERTY-COMMERCIAL PROPERTY-RETAIL PROPERTY
942 _n0
948 _c30/03/1998
999 _c97027
_d97027